Manual de energía: electricidad y gas natural
שמור ב:
| מחבר ראשי: | |
|---|---|
| פורמט: | ספר |
| שפה: | ספרדית |
| יצא לאור: |
Santiago
Gasoducto Atacama Chile
2003
|
| נושאים: | |
| תגים: |
הוספת תג
אין תגיות, היה/י הראשונ/ה לתייג את הרשומה!
|
MARC
| LEADER | 00000nam a2200000 a 4500 | ||
|---|---|---|---|
| 001 | UCL6078 | ||
| 003 | CL-VaPUC | ||
| 008 | 040326e20030000CL |||||||||||||||||spa|d | ||
| 020 | |a 9568311009 | ||
| 082 | 0 | 4 | |a 333.79 |b SAE |2 21 |
| 100 | 0 | |a Sáez Carreño, Alejandro |e author |9 483822 | |
| 245 | 1 | 0 | |a Manual de energía: electricidad y gas natural |
| 300 | |a 281 p | ||
| 942 | |c BK | ||
| 945 | |d 20040326 00:00:00 |a cmena | ||
| 260 | |a Santiago |b Gasoducto Atacama Chile |c 2003 | ||
| 650 | 0 | |a Energía |9 259431 | |
| 650 | 0 | |a Recursos energéticos |9 263206 | |
| 650 | 0 | |a Gas natural |9 263904 | |
| 650 | 0 | |a Energía eléctrica |9 256678 | |
| 650 | 0 | |a Protección del medio ambiente |9 257626 | |
| 583 | |a last modification |c 20040326 00:00:00 |k Rodrigo Vera | ||
| 999 | |c 308352 |d 308350 | ||
| 952 | |0 0 |1 0 |4 0 |6 333_790000000000000_SAE_2003 |7 0 |8 A |9 374789 |a BIBMEC |b BIBMEC |d 2019-11-21 |i 399774K |o 333.79 SAE 2003 |p 399774K |r 2024-01-19 |w 2019-11-21 |y BK |k MEC | ||
| 952 | |0 0 |1 0 |4 0 |6 333_790000000000000_SAE_2003 |7 0 |8 A |9 374790 |a BIBING |b BIBING |d 2019-11-21 |i 3988376 |o 333.79 SAE 2003 |p 3988376 |r 2025-01-20 |w 2019-11-21 |y BK |k ING | ||
| 952 | |0 0 |1 0 |4 0 |6 333_790000000000000_SAE_2003 |7 0 |8 A |9 374791 |a BIBING |b BIBING |d 2019-11-21 |i 3988384 |o 333.79 SAE 2003 |p 3988384 |r 2025-01-20 |w 2019-11-21 |y BK |k ING | ||
| 952 | |0 0 |1 0 |4 0 |6 333_790000000000000_SAE_2003 |7 0 |8 A |9 374792 |a BIBMEC |b BIBMEC |d 2019-11-21 |i 398835K |o 333.79 SAE 2003 |p 398835K |r 2024-01-19 |w 2019-11-21 |y BK |k MEC | ||
| 952 | |0 0 |1 0 |4 0 |6 333_790000000000000_SAE_2003 |7 0 |8 A |9 374793 |a BIBCUR |b BIBCUR |d 2019-11-21 |i 3988368 |o 333.79 SAE 2003 |p 3988368 |r 2025-04-22 |w 2019-11-21 |y BK |k BCB | ||